Responses for show #7829 - Thursday, September 27, 2018

Contestants

Katie Lombardo, a museum educator from East Hills, New York

Michael Pascuzzi, a resale store manager from Orlando, Florida

Evelyn Rubin, a family physician from Toronto, Ontario, Canada (whose 1-day cash winnings total $27,601)

Jeopardy! Round responses

CLUES ACROSS PHILADELPHIA
(Alex: Each of the clues will be delivered by on-air personalites at one of our favorite stations, WPVI in Philadelphia.)
NURSERY RHYMES
WE'RE IN THIS LEAGUE
GEEK HOLIDAYS
SATELLITE BY NATION
"G" IS FOR...
    $200 18
Betsy Ross

Katie
    $200 13
Humpty-Dumpty

Katie
    $200 12
(Evelyn: What is the American League?)

the National League

EvelynMichael
    $200 4
pi

Katie
    $200 1
Egypt

Michael
    $200 2
a gopher

Evelyn
    $600 19
(Katie: What is the weather?)

electricity

Katie
    $400 14
ladybird

Michael
    $400 26
the NFL

Michael
    $400 5
Free Comic Book Day

Michael
    $400 21
Canada

Evelyn
    $400 3
Gouda

Katie
    $600 20
Marquis de Lafayette

Triple Stumper
    $600 15
when the bough breaks

Evelyn
    $600 27
the MLS (or Major League Soccer)

Katie
    $600 9
Back to the Future

Katie
    $600 22
(Katie: What is Greece?)
(Michael: What is Iran?)
...
(Alex: Tigris and Euphrates in [*].)

Iraq

MichaelKatie
Triple Stumper
    $600 6
the gallbladder

Evelyn
    $800 29
Reading

Evelyn
    $800 16
the queen

Triple Stumper
    $800 28
the NHL

Evelyn
    $800 10
Parks and Recreation

Evelyn
    $800 23
China

Michael
    $800 7
gothic

Katie
    $1000 30
Renoir

Katie
    $1000 17
(Michael: What is Bremen?)

Kilkenny

Michael
Triple Stumper
    $1000 25
the CFL (or Canadian Football League)

Evelyn
    $1000 11
Avogadro

Katie
    $1000 24
(Michael: What is Greece?)

Sweden

Michael
Triple Stumper
    $1000 8
geriatrics

Evelyn

Scores at the first commercial break (after clue 15):

Evelyn Michael Katie
$3,000 $1,200 $3,200

Scores at the end of the Jeopardy! Round:

Evelyn Michael Katie
$6,000 -$200 $3,800

Double Jeopardy! Round responses

POP CULTURE ADAPTS SHAKESPEARE
RELIGION & SPIRITUALITY BOOKS
MEMORIALS
7-LETTER WORDS
BANDITS
AT 5 O'CLOCK
    $400 11
(Michael: What is Hamlet?)

King Lear

MichaelKatie
    $400 25
heaven

Michael
    $400 16
the Marines

Michael
    $400 6
a wrinkle

Michael
    $400 21
(Michael: What is Santa Anna?)

Pancho Villa

MichaelKatie
    $400 1
five o'clock shadow

Michael
    $4,200 12
The Tempest

Katie
    $800 27
Maria Shriver

Evelyn
    $3,000 17
Hiroshima

Michael
    $800 7
recount

Michael
    $800 22
bush

Michael
    $800 2
Monday Night Football

Triple Stumper
    $1200 13
10 Things I Hate About You

Evelyn
    $1200 28
the rapture

Katie
    $1200 18
(Michael: What is heroes?)

Fallen Astronaut

Michael
Triple Stumper
    $1200 8
a tsunami

Evelyn
    $1200 23
(Evelyn: What are covered wagons?)
(Alex: Mm... no.)
(Evelyn: [*]?)
(Katie: What are wagons?)
...
(Alex: You said it too late, Evelyn, but you helped Michael out on that one.)

stagecoaches

EvelynMichaelKatie
    $1200 3
happy hour

Michael
    $1600 14
Twelfth Night

Evelyn
    $1600 29
Leah Remini

Katie
    $1600 19
Mobile, Alabama

Triple Stumper
    $1600 9
the subtext

Triple Stumper
    $1600 24
stays (of execution)

Evelyn
    $1600 4
high tea

Michael
    $2000 15
Strange Brew

Michael
    $2000 30
C.S. Lewis

Triple Stumper
    $2000 20
(Evelyn: What is Nazism?)

Communism

EvelynKatie
    $2000 10
a conifer

Evelyn
    $2000 26
(Alex: With less than a minute now.)

the Barefoot Bandit

Evelyn
    $2000 5
Father Time

Evelyn

Scores at the end of the Double Jeopardy! Round:

Evelyn Michael Katie
$15,200 $10,000 $12,400

[wagering suggestions for these scores]

Final Jeopardy! Round responses

U.S. LANDMARKS
MichaelWhat is the Alamo
$9,990
KatieWhat is the Alamo?
$4,000
EvelynWhat is O the Alamo?
$9,601
the Alamo

Final scores:

Evelyn Michael Katie
$24,801 $19,990 $16,400
2-day champion: $52,402 2nd place: $2,000 3rd place: $1,000

Game dynamics:

Coryat scores:

Evelyn Michael Katie
$15,200 $7,800 $9,600
17 R,
3 W
17 R
(including 1 DD),
6 W
15 R
(including 1 DD),
3 W
(including 1 DD)

Combined Coryat: $32,600

The J! Archive is created by fans, for fans. The Jeopardy! game show and all elements thereof, including but not limited to copyright and trademark thereto, are the property of Jeopardy Productions, Inc. and are protected under law. This website is not affiliated with, sponsored by, or operated by Jeopardy Productions, Inc. Join the discussion at JBoard.tv.